[Event "Prague m"]
[Site "Prague"]
[Date "1995.??.??"]
[Round "1"]
[White "Timman, Jan H"]
[Black "Hracek, Zbynek"]
[Result "0-1"]
[WhiteElo "2590"]
[BlackElo "2635"]
[Annotator "Dautov,R"]
[PlyCount "66"]
[EventDate "1995.??.??"]
[EventType "match"]
[EventRounds "2"]
[EventCountry "CZE"]
[SourceTitle "CBM 049"]
[Source "ChessBase"]
[SourceDate "1995.12.01"]
[SourceVersion "1"]
[SourceVersionDate "1995.12.01"]
[SourceQuality "1"]

1. d4 Nf6 2. c4 e6 3. Nc3 Bb4 4. Qc2 O-O 5. a3 Bxc3+ 6. Qxc3 b6 7. Bg5 Bb7 8.
f3 h6 9. Bh4 d5 10. e3 Re8 11. cxd5 (11. Bd3 Nbd7 12. Ne2 c5 $10) (11. Rc1 $5
c6 12. Bd3 Nbd7 13. Ne2 $14) 11... exd5 12. Bb5 $6 {N} (12. Bf2 c5 $1 13. Bb5
cxd4 14. Qxd4 Bc6 15. Bd3 Nbd7 16. Ne2 Nc5 17. Bc2 Bb5 18. Qd2 Rc8 19. Nd4 Bc4
20. Bg3 Nh5 $1 21. Kf2 Qf6 $1 $15 {Seirawan,Y-Karpov,An/Rotterdam 1989}) (12.
Nh3 Qe7 $1 13. Bf2 c5 $1 14. Bb5 Bc6 15. Be2 Bd7 16. O-O Bxh3 17. gxh3 Nbd7 18.
Kh1 Nh5 19. Rg1 Ndf6 20. dxc5 $6 bxc5 $15 {Gulko,B-Chandler,M/Hastings 1989})
12... c6 13. Ba4 b5 14. Bc2 c5 $1 15. Ne2 (15. Qxc5 Rxe3+ 16. Kf2 Re6 17. Qxb5
Ne4+ (17... Rb6 $2 18. Bxf6 $16) 18. Bxe4 Qxh4+ 19. g3 Qe7 20. Bc2 Ba6 21. Qxd5
Nc6 $36) (15. O-O-O $6 c4 $15 {/\Nc6,a5,b4->}) 15... c4 16. O-O a5 17. b4 (17.
b3 Nc6 18. bxc4 dxc4 {/\Ba6,b4} 19. e4 $2 (19. a4 $2 b4 20. Qxc4 Rxe3 $17)
19... Nxe4 20. fxe4 Qxh4 $17) 17... Nc6 18. Rab1 axb4 19. axb4 Qe7 $15 {
[%csl Rb4,Re3][%cal Ra8a1] ><b4,e3,<->a} 20. Bxf6 (20. Bf2 Ra2 $15 {/\Nxb4})
20... Qxe3+ $1 21. Qxe3 Rxe3 22. Nf4 $2 (22. Kf2 {>=} Rae8 23. Be5 Rxe2+ 24.
Kxe2 Nxd4+ 25. Kd2 Rxe5 26. Rbe1 Re6 27. Rxe6 Nxe6 $15) 22... gxf6 23. Nxd5 Re2
24. Be4 Raa2 25. Kh1 (25. Nxf6+ Kf8 26. f4 Rxe4 27. Nxe4 Nxd4 28. Rfe1 Ne2+ $19
) (25. Nf4 Red2 26. Rfd1 f5 27. Bd5 Rab2 $17) 25... f5 $1 $19 26. Bxf5 (26.
Nf6+ Kh8 27. Bxc6 Bxc6 $19) 26... Nxd4 27. Be4 Bxd5 28. Bxd5 Rxg2 29. Rg1 Rxg1+
30. Rxg1+ Kf8 31. Rd1 Ne2 32. Re1 Rd2 33. Be4 c3 0-1

[Event "Balatonbereny GM"]
[Site "Balatonbereny"]
[Date "1996.??.??"]
[Round "4"]
[White "Dao, Thien Hai"]
[Black "Nisipeanu, Liviu Dieter"]
[Result "0-1"]
[WhiteElo "2560"]
[BlackElo "2515"]
[Annotator "Dautov,R"]
[PlyCount "134"]
[EventDate "1996.06.13"]
[EventType "tourn"]
[EventRounds "11"]
[EventCountry "HUN"]
[EventCategory "11"]
[SourceTitle "CBM 055"]
[Source "ChessBase"]
[SourceDate "1996.12.01"]
[SourceVersion "1"]
[SourceVersionDate "1996.12.01"]
[SourceQuality "1"]

1. d4 {Tsesarsky Hecht} Nf6 2. c4 e6 3. Nc3 Bb4 4. Qc2 (4. Bg5 c5 5. d5 h6 6.
Bh4 b5 7. cxb5 Bb7 8. e3 Bxd5 9. a3 Ba5 10. Nf3 Bb7 11. Be2 d5 12. O-O Nbd7 13.
Na4 Bc7 14. Rc1 Rc8 15. b4 Bd6 16. bxc5 Nxc5 17. Nxc5 Bxc5 18. Ne5 Qd6 {
Dao Thien Hai-Palkovi,J/Balatonbereny (11) ;55 1996/1-0 (41)}) 4... O-O 5. a3
Bxc3+ 6. Qxc3 b6 7. Bg5 Ba6 8. e3 d6 9. Bd3 (9. Nf3 {Tsesarsky,I} Nbd7 10. Bd3
c5 11. b4 (11. O-O cxd4 12. exd4 Rc8 13. b3 b5 14. Qb4 bxc4 15. Bxc4 Rc6 16.
Rfd1 Bxc4 17. bxc4 $10 {Ziegler,A - Hellsten,J /Copenhagen op (04)/1995/(0:1)/
(43)}) 11... cxd4 12. exd4 Rc8 13. Qb3 h6 14. Bh4 Qc7 15. Rc1 e5 16. dxe5 dxe5
17. Bg3 Nh5 18. O-O Nxg3 19. hxg3 e4 $8 20. Bxe4 Bxc4 21. Qb2 b5 $10 {Lautier,
J - Kortschnoj,V /SWZ - chT (6)/1994/0:1/(39)}) 9... Nbd7 10. Ne2 (10. Nf3 {
Tsesarsky,I like in previous line}) (10. b4 {Tsesarsky,I} c5 11. dxc5 bxc5 12.
Ne2 Ne5 13. O-O cxb4 14. axb4 Bxc4 15. Bxc4 Rc8 16. Rxa7 Rxc4 17. Qb3 Qb6 18.
Bxf6 Rxb4 19. Qa3 gxf6 20. Ra6 Qb7 {Linauskas,D - Nikolenko,O /Katovice op (02)
/1995/0,5/(43)}) 10... c5 11. O-O (11. b4 {Tsesarsky,I} cxd4 12. exd4 Rc8 13.
Qb3 h6 14. Bh4 e5 15. Rc1 (15. f3 exd4 16. O-O Ne5 17. b5 Bb7 18. Nxd4 d5 19.
Bxf6 Qxf6 20. cxd5 Nd7 21. Qb4 Bxd5 22. Rad1 $10 {Flear,G - Rosentalis,E /
Chiasso op (09)/1991/0,5/22}) (15. b5 Bb7 16. O-O exd4 (16... e4 17. Bb1 Qc7
18. Ba2 d5 19. Qa4 Qb8 20. Bg3 Qa8 $10 {Baburin-Rozentalis/Copenhagen PC/1996})
17. Nxd4 d5 18. Nf5 Rc5 19. Bc2 $13 Ne5 20. Qg3 Ng6 21. Rfe1 Qc7 22. Nxh6+ gxh6
23. Bxf6 Qxg3 24. hxg3 $14 {Baburin,A - Wirthenzon,N /Grand Prix Suisse/1993/1:
0/34}) 15... e4 16. Bb1 $6 (16. Bxe4 $5 g5 (16... d5 $2 17. Bxd5 g5 18. Bf3 $16
) (16... Re8 17. Bd3 d5 (17... b5 18. c5 $16) 18. b5 Bb7 19. O-O $16) 17. Bf3
d5 (17... b5 18. Bg3 g4 $5 (18... bxc4 19. Qa4 Nb8 $8 20. b5 Qd7 21. Bc6 $5
Rxc6 (21... Nxc6 22. Qxa6 Nb8 23. Qxd6 $16) 22. bxc6 Qxc6 23. Qxc6 Nxc6 24.
Bxd6 Re8 25. Kd1 Rd8 26. Bc5 Ne4 27. Ke1 Ne5 28. dxe5 Nxc5 29. Rb1 Nd3+ 30. Kf1
Nxe5 31. Nc3 Rd3 32. Rc1 Rd2 33. Re1 $44) 19. Bd5 (19. Bxg4 $6 Nxg4 20. Bxd6
Re8 21. Qg3 Qg5 22. Bf4 Qg6 $15) 19... Nb6 20. Qb1 Nbxd5 21. cxd5 Nxd5 22. O-O
$14) 18. b5 Bb7 19. Bg3 Re8 (19... Rxc4 20. Rxc4 dxc4 21. Qxc4 Bxf3 22. gxf3
Qe7 23. Qd3 Rc8 24. O-O $16) 20. Qb2 Ba8 21. h4 $14) 16... d5 17. b5 $1 (17.
cxd5 Rxc1+ 18. Nxc1 Qc8 $1 19. Ne2 Bc4 20. Qc2 Bd3 (20... Bxe2 $2 21. Qxc8 Rxc8
22. Kxe2 Nxd5 23. Bxe4 $16) (20... Bxd5 $5) (20... Qa6 $5) 21. Qb3 Bc4 $10)
17... dxc4 (17... Bb7 18. O-O (18. cxd5 Rxc1+ 19. Nxc1 Bxd5 $140 {e3} 20. Qxd5
Nxd5 21. Bxd8 Rxd8 $15) 18... dxc4 19. Rxc4 Bd5 20. Rxc8 Qxc8 $15) 18. Rxc4
Rxc4 19. Qxc4 Bb7 20. O-O Qa8 (20... e3 $2 21. fxe3 Qe7 22. Qb3 Re8 23. Bf2 Ne4
24. Ba2 $16) 21. Qc7 Rc8 (21... g5 $5 22. Bg3 e3 23. fxe3 Bxg2 24. Rf2 Be4 25.
Ba2 Qb7 $13) 22. Qd6 a6 (22... Rd8 23. Re1 e3 24. Qg3 exf2+ 25. Qxf2 Be4 26.
Bxe4 Qxe4 27. Nf4 Qf5 28. a4 $14) 23. Ng3 (23. Bxf6 Nxf6 24. Qxb6 axb5 (24...
Nd5 $2 25. Qd6 $16) 25. Qxb5 e3 26. fxe3 Bxg2 27. Rxf6 gxf6 28. Qf5 Bf3 29.
Qh7+ (29. Ng3 $6 Rc1+ 30. Kf2 Bh1 31. Qh7+ Kf8 32. Qh8+ Ke7 33. Nf5+ Kd7 34.
Qxa8 Bxa8 35. Bd3 $10) 29... Kf8 30. Ba2 Qb7 31. Qxh6+ Kg8 32. Qg6+ Kf8 33.
Qh6+ Kg8 $10) 23... g5 24. Nf5 $40 {1-0 Vera,R-Izeta,F/Leon-B (07) ;CBM 54_06
1996 (38)}) (11. dxc5 {Tsesarsky,I} Nxc5 12. Bc2 Rc8 13. Qd4 h6 14. Bxf6 Qxf6
15. b3 b5 16. Qxf6 gxf6 17. cxb5 Bxb5 $15 {Azmaiparashvili-Kortschnoj/Moscow
PCA-Intel 25'/1995}) (11. Rc1 {Dautov} Rc8 12. Qd2 h6 13. Bh4 cxd4 14. exd4 e5
15. b3 e4 16. Bb1 d5 17. cxd5 Rxc1+ 18. Qxc1 Qe7 $17 {Olsen-Rozentalis/
Copenhagen PC/1996}) 11... Rc8 12. Qb3 $6 (12. b3 $5) (12. b4 {Dautov} cxd4 13.
Qxd4 (13. exd4 $2 Bxc4 14. Bxc4 d5 $17) 13... Ne5 14. b5 (14. Rfc1 Nxd3 15.
Qxd3 Rxc4 16. Rxc4 d5 $17) 14... Bb7 $15) 12... d5 13. Rfc1 $4 {I am really
surprised by the fact that two different players miscalculated 13...b5 (Lima,D
- Garcia Ilundain,D Leon-B 1996 but without h6 Bh4)} b5 $1 (13... cxd4 {Dautov}
14. exd4 dxc4 15. Bxc4 Bxc4 16. Rxc4 Rxc4 17. Qxc4 Qa8 18. Rc1 Nd5 $10) 14.
cxb5 (14. Qc2 bxc4 15. Bxh7+ Kh8 16. Qa4 (16. Qb1 {Dautov} g6 (16... Qb6 $5 17.
Bc2 Rb8 18. Ra2 cxd4 19. Nxd4 e5 20. Nf5 Nc5 $17) 17. Bxg6 fxg6 18. Nf4 (18.
Qxg6 Qe7 $17) 18... Rf7 19. Nxe6 Qg8 $17) 16... Kxh7 17. Qxa6 Qb6 $17) (14.
cxd5 $2 c4 15. Bxc4 bxc4 16. Qa4 Qb6 17. dxe6 fxe6 $17) 14... c4 15. Bxc4 dxc4
16. Qa4 (16. Rxc4 Qb6 (16... Bb7 $17) 17. Nc3 Rxc4 18. Qxc4 Rc8 19. Qe2 Bb7 $17
) 16... Bb7 17. Qxa7 (17. Rxc4 Rxc4 18. Qxc4 Qa8 $17) 17... Be4 18. Qa4 Qb6 19.
Nc3 (19. Rxc4 Ra8 20. Qb4 Bd3 21. Rc6 Qxb5 22. Qxb5 Bxb5 23. Rc2 Ne4 $17) 19...
Ba8 (19... Bd3) (19... Bd3 20. Qb4 Nd5 21. Nxd5 exd5 22. a4 $13) 20. Qb4 e5 21.
Rd1 (21. Bxf6 Nxf6 22. dxe5 Ng4 $17 (22... Qb7 23. f3 Ng4 24. Ne4 $15)) 21...
Ne4 (21... exd4 22. Rxd4 Ne5 23. Qd6 $13) 22. Nxe4 Bxe4 {[%cal Re4g2,Yb6g6]}
23. f3 Bd3 24. a4 exd4 25. a5 Qg6 $1 (25... Qc5 $6 26. Be7 (26. Qxc5 Rxc5 27.
Be7 Rxb5 28. Bxf8 Kxf8 29. exd4 Rxb2 30. a6 $13) 26... Qe5 27. Bxf8 Qxe3+ 28.
Kh1 Rxf8 $132 29. b6 Be2 (29... Ne5 30. a6 Nxf3 31. a7 $18) 30. Re1 d3 (30...
Qf2 31. a6 Bxf3 32. gxf3 Qxf3+ 33. Kg1 Qg4+ $10) 31. Qxc4 Ne5 32. Qe4 Qxe4 33.
fxe4 Rd8 34. h3 Bh5 $1 (34... Nc4 $2 35. b3 $1 Nxa5 36. Rxa5 d2 37. Rea1 d1=Q+
38. Rxd1 $18) 35. g4 Bg6 36. Rad1 Nc4 37. b4 Nb2 38. Rd2 Nc4 $10) 26. Bf4 dxe3
(26... Be2 $2 27. Rxd4 Bxf3 28. Bg3 Bg4 29. b6 $16) 27. b6 (27. Bxe3 Rfe8 (
27... Ne5 28. Kh1 (28. Kf2 Bc2 $19) 28... Nxf3 29. gxf3 Be2 30. Rf1 Bxf1 31.
Rxf1 Qd3 32. Re1 Rfe8 33. Qd2 Qf5 $17) 28. Re1 Ne5 29. Kh1 Qf5 $40) 27... e2
28. Re1 c3 $2 $15 {/\Rc4} (28... Qf6 $2 29. Bd6 Rfe8 30. b7 Rc6 31. b8=Q Nxb8
32. Bxb8 Qd4+ 33. Kh1 $15) (28... Rc6 $1 $17) (28... Rc6 29. b7 Rf6 30. Bg3 $13
{/\Qb5}) 29. bxc3 Rc4 30. Qd6 Qxd6 31. Bxd6 Re8 32. b7 (32. Bb4 Rc6 $17) 32...
Rc6 33. Bg3 g5 34. Ra4 Ba6 35. Rb4 (35. Rd4 Nb8 36. Rb4 f5 $17) 35... Rxc3 36.
b8=Q (36. Rd4 Nb8 37. Re4 Rd8 (37... Rxe4 38. fxe4 Nd7 39. b8=Q+ Nxb8 40. Bxb8
Rc5 $15) 38. Kf2 $5) 36... Nxb8 37. Rxb8 Rxb8 38. Bxb8 Rc5 39. Bg3 Rd5 (39...
Rxa5 40. Rb1 Rd5 41. Be1) 40. Bc7 Rd1 41. Kf2 f6 42. Bb6 Kf7 43. g4 Ke6 44. Bc5
Ke5 45. Bb6 f5 46. Bc7+ Ke6 47. gxf5+ $2 $17 (47. h3 f4 48. h4 h6 49. hxg5 hxg5
50. Rxe2+ $10) (47. Bb8 f4 48. h4 (48. Bc7 h6 {/\Kd5-d4-c3-d2}) 48... gxh4 (
48... h6 49. hxg5 hxg5 50. Bc7 Bb5 51. Bb6 {><g5}) 49. Bxf4 Kd5 50. Bh2 Kd4 51.
f4 Ke4 52. f5 h5 53. gxh5 Rd5 54. Rxe2+ Bxe2 55. Kxe2 Rxf5 $19) 47... Kxf5 48.
Bb6 (48. h3 $142 $17) 48... g4 49. fxg4+ Kxg4 50. Rxe2 (50. Bc7 Rd7 (50... Kh3
51. Bb8 h5 52. Bc7 Rd7 53. Bb8 Rd5 54. Bc7 Rc5 55. Bb6 Rf5+ 56. Ke3 Rf1 57. Kd2
Kxh2 $19) 51. Bg3 Rf7+ 52. Ke3 Rf3+ 53. Kd2 (53. Ke4 h5 54. Be5 Rf1 55. Bc3 Kh3
$19) 53... Rd3+ 54. Kc2 Kf3 $17) 50... Bxe2 51. Kxe2 {[#] Hecht: Zur Theorie:
Schwarz gewinnt ohne die beiden weißen Bauern und dem wK in der Ecke, wenn
sein Bauer nicht das Feld h5 überschritten hat. Steht der sB schon auf h3, so
bleibt die Partie remis, weil der wK nicht aus der Ecke vertrieben werden kann.
Im letzteren Fall wirkt ein wB auf h2 wegen der Mattgefahr mehr als nur
störend.} Rd6 52. Kf2 h5 53. Kg2 Rd2+ 54. Kh1 Ra2 (54... Kh3 55. Kg1 (55. a6
Rd6 $19) 55... Rg2+ 56. Kf1 Rc2 (56... Ra2 57. Bc7) 57. a6 Kxh2 58. a7 Ra2 59.
Bf2 Kh3 60. Bd4 h4 61. Kg1 Kg4 $10) 55. h3+ $4 (55. Bc7 $10 h4 (55... Kf3 $2 {
Hecht} 56. h3 $10 {auch ohne den a-Bauer. Der wL bleibt auf der Diagonalen
h2-b8, vorzugsweise auf b8, c7 oder d6.}) (55... Kh3 $1 56. Kg1 Rg2+ 57. Kf1
Rg7 58. Bb8 Rb7 59. Bd6 Ra7 60. Bb8 Rxa5 {[#]} 61. Bc7 (61. Kf2 Rf5+ 62. Kg1
Rb5 63. Bd6 Rb2) 61... Ra2 62. Kg1 Kg4 63. Kf1 h4 64. Ke1 h3 65. Kf1 Kf3 66.
Ke1 Re2+ 67. Kd1 Ke3 68. Bf4+ Kd3 69. Kc1 Rc2+ 70. Kb1 Kc3 71. Be5+ Kb3 72. Bb8
Rc8 73. Ba7 Rc7 74. Bb6 Rb7 $19 {analog einer Studie von Enevoldsen, 1949}) 56.
Bb6 (56. Kg1 Kh3) 56... Ra1+ 57. Bg1 Kh3 58. a6 Rxa6 59. Bd4 Ra2 60. Bg1 Rb2
61. Bc5 Rxh2+ 62. Kg1 Rc2 (62... Rd2 63. Kh1) 63. Bd6 Rc1+ 64. Kf2 Kg4 65. Kg2
h3+ 66. Kh2 $10) 55... Kxh3 56. Bd4 $19 (56. Kg1 Rg2+ 57. Kh1 (57. Kf1 Kg3 58.
a6 Ra2 59. a7 Ra1+ 60. Ke2 h4 $19) 57... Rc2 58. Kg1 (58. a6 Rc6 $19) 58... Kg3
$19) 56... Rxa5 {weil der h-Bauer h5 noch nicht überschritten hat.} 57. Bb6
Ra1+ 58. Bg1 Ra2 59. Bb6 Rh2+ (59... h4 $4 60. Kg1 Rg2+ 61. Kf1 (61. Kh1 Rb2
62. Ba7 Rb1+ 63. Bg1 Kg4 64. Kg2 Rb2+ 65. Kh1 Kg3 66. Bd4 Rh2+ 67. Kg1 Re2 68.
Kh1 h3 69. Ba7 h2 70. Bb8+ Kh3 $19) 61... Rg4 62. Bc7 Rd4 63. Bb8 Rd1+ 64. Kf2
Rd7 65. Be5 Rf7+ 66. Kg1 $10) 60. Kg1 Rb2 (60... Rg2+ $1 61. Kf1 (61. Kh1 h4 {
like in previous line}) 61... Rg5 62. Kf2 Rg6 63. Bc7 Kh4 64. Kf3 (64. Bd8+ Kg4
65. Kg2 Rc6 66. Be7 h4 67. Bb4 h3+ 68. Kh2 Rc2+ 69. Kh1 h2 $19) (64. Ba5 Kg4
65. Kg2 Rc6) (64. Bb8 Rg4 65. Kf3 Kg5 66. Bg3 h4 67. Bh2 h3 68. Bg3 Kf5 69. Bh2
Rg2 70. Bd6 Ra2 $19 {[%cal Yh3h2]}) 64... Rg4 65. Bd8+ Kh3 66. Kf2 (66. Bf6 Rg1
{[%cal Rg1f1]}) 66... Rg2+ 67. Kf3 (67. Kf1 Kg3 {[%cal Yg3f3]}) 67... Rg1 68.
Be7 Rg7 69. Bd6 Rf7+ $19) 61. Bc7 Rb1+ 62. Kf2 Rb7 63. Bd6 Rb6 64. Bc7 Rg6 65.
Bb8 (65. Be5 Kg4 66. Kg2 Kf5+ $19) (65. Kf1 Rg4 66. Kf2 Rg2+ 67. Kf1 Rg6 68.
Kf2 Kh4 69. Bd8+ Kg4 70. Kg2 Rc6 $19) 65... Rg2+ 66. Kf1 Rg4 {[#]} 67. Kf2 (67.
Bc7 {Hecht} Rg6 68. Kf2 Kh4 69. Kf3 (69. Bd8+ Kg4 70. Kg2 Rc6 71. Be7 h4 72.
Bb4 h3+ 73. Kh2 Rc2+ 74. Kh1 h2 $19) (69. Bb8 Rg4 70. Bc7 Kg5 $19) 69... Rg4
70. Bd8+ (70. Bf4 Kh3 71. Bc7 Rg7 72. Bd6 Rf7+ $19) 70... Kh3 71. Kf2 Rg2+ 72.
Kf3 (72. Kf1 Kg3 73. Bh4+ Kf3 $19) 72... Rg8 73. Be7 Rg7 74. Bd6 Rf7+ $19 {
analog einer Studie von B.Guretzky-Cornitz, 1863}) 67... Kh4 {nebst Kg5 -+} (
67... Kh4 68. Kf3 {like in previous line}) 0-1

[Event "Politiken Cup 18th"]
[Site "Copenhagen"]
[Date "1996.??.??"]
[Round "5"]
[White "Baburin, Alexander"]
[Black "Rozentalis, Eduardas"]
[Result "1/2-1/2"]
[WhiteElo "2505"]
[BlackElo "2605"]
[Annotator "Dautov,R"]
[PlyCount "62"]
[EventDate "1996.06.??"]
[EventType "swiss"]
[EventRounds "11"]
[EventCountry "DEN"]
[SourceTitle "CBM 054"]
[Source "ChessBase"]
[SourceDate "1996.10.01"]
[SourceVersion "1"]
[SourceVersionDate "1996.10.01"]
[SourceQuality "1"]

1. d4 {Chekhov} Nf6 2. c4 e6 3. Nc3 Bb4 4. Qc2 O-O 5. a3 Bxc3+ 6. Qxc3 b6 7.
Bg5 Ba6 8. e3 (8. Rc1 h6 9. Qf3 Nc6 10. Bxf6 Qxf6 11. Qxf6 gxf6 12. e3 Ne7 13.
Nf3 c5 14. Be2 cxd4 15. Nxd4 Rac8 $10 {Lerner,K-Rozentalis,E/Lvov/1990/0,5/42/}
) (8. Nf3 $5 c5 (8... d6 $5 {Chekhov} 9. e3 Nbd7 $132) 9. dxc5 bxc5 10. e3 Nc6
11. Bd3 Qa5 12. Bxf6 gxf6 13. b4 cxb4 14. Qxf6 bxa3+ 15. Ke2 Qc5 16. Rhc1 Qe7
17. Qxe7 Nxe7 18. Rxa3 $16 {Hansen,L-Farago,I/Denmark/1990/1|0/31/}) 8... d6 9.
Bd3 Nbd7 10. Ne2 (10. Nf3 $6 {Chekhov} c5 11. b4 (11. dxc5 Nxc5 12. Bc2 Rc8 13.
Qd4 h6 14. Bxf6 Qxf6 $15 {Azmaiparashvili,Z-Kortschnoj,V/Moscow/1995/0,5/70/})
11... cxd4 12. exd4 Rc8 13. Qb3 h6 14. Bh4 Qc7 15. Rc1 e5 16. dxe5 dxe5 17. Bg3
Nh5 18. O-O Nxg3 19. hxg3 e4 20. Bxe4 Bxc4 21. Qb2 b5 $15 {Lautier,J-Korchnoi,
V/SUI/1994/0|1/39/}) 10... c5 11. b4 (11. Rc1 Rc8 12. Qd2 h6 13. Bh4 cxd4 14.
exd4 e5 15. b3 e4 16. Bb1 d5 17. cxd5 Rxc1+ 18. Qxc1 Qe7 $17 {Olsen,
P-Rozentalis,E/Copenhagen PC (01) ;CBM 54 1996}) 11... h6 12. Bh4 cxd4 13. exd4
Rc8 14. Qb3 e5 15. b5 (15. Rc1 exd4 (15... e4 16. Bb1 d5 17. b5 dxc4 18. Rxc4
Rxc4 19. Qxc4 Bb7 20. O-O Qa8 21. Qc7 Rc8 22. Qd6 $14 {Vera,R-Izeta,F/Leon-B 
(07) ;CBM 54_06 1996}) 16. O-O Ne5 17. b5 Bb7 18. Nxd4 d5 $10 {Vera,R-Morovic
Fernandez,I/Capablanca mem-A (00) ;CBM 54 1996}) 15... Bb7 16. O-O e4 {N} (
16... exd4 17. Nxd4 d5 18. Nf5 Rc5 19. Bc2 Ne5 20. Qg3 Ng6 21. Rfe1 Qc7 22.
Nxh6+ gxh6 23. Bxf6 {Chekhov} Qxg3 24. hxg3 Rxc4 25. Bd3 $16 {Baburin,
A-Wirthensohn,H/Wohlen/1993/1-0/34/}) 17. Bb1 Qc7 (17... d5 18. cxd5 g5 19. Bg3
Bxd5 20. Qb2 $14) (17... Re8 $5) 18. Ba2 (18. Rc1 $1 d5 (18... Qb8 $2 19. d5
$16 {><c6}) 19. Bg3 Qd8 (19... dxc4 20. Qa4 Qd8 21. Qxa7 Bd5 22. Nc3 $14) 20.
Qa4 Rxc4 21. Rxc4 dxc4 22. Qxa7 Qa8 23. Qxa8 Rxa8 24. Nc3 $14) 18... d5 19. Qa4
Qb8 (19... dxc4 $2 20. Bg3 Qd8 21. Qxa7 Bd5 22. Nc3 $14 {/\} Ra8 23. Qc7 Qxc7
24. Bxc7 Rxa3 $2 25. Nxd5 Nxd5 26. Bd6 $16) 20. Bg3 Qa8 21. Nc3 (21. Rac1 $5 {
Chekhov} dxc4 22. Bxc4 Bd5 23. Bxd5 Nxd5 24. Rc6 Ne7 25. Rfc1 $6 (25. Rcc1 $132
) 25... Nxc6 26. bxc6 Nf6 $17) 21... Rfe8 $1 (21... dxc4 22. Bxc4 e3 23. f3 (
23. fxe3 Bxg2 24. Rf2 Ng4 $1 25. Re2 (25. Rxg2 $2 Rxc4 $1 26. Qxc4 Qxg2+ 27.
Kxg2 Nxe3+ $17) 25... Bf3 26. Ree1 Ngf6 $13) 23... Nd5 24. Ne4 N7f6 (24... f5
$2 25. Nd6 $16) 25. Rac1 $14) 22. Rfe1 (22. Rac1 $5 e3 23. f3 dxc4 (23... Nh5
$5 {Chekhov}) 24. Bxc4 Nh5 25. Bd6 $36) 22... dxc4 23. Bxc4 Nd5 24. Rac1 (24.
Nxe4 $2 Rxe4 25. Rxe4 Nc3 $17) 24... Nxc3 25. Rxc3 Nf6 $1 $10 (25... Bd5 $6 26.
Rec1 Bxc4 27. Rxc4 Nf6 28. Rc6 $16) 26. Rec1 Nd5 27. R3c2 (27. Bxd5 Bxd5 28.
Rc7 (28. Qd1 $10 {Chekhov}) 28... Rxc7 29. Rxc7 Rc8 $10) 27... Rcd8 $1 28. Qb3
Rd7 (28... e3 {Chekhov} 29. f3 $14) 29. Be5 Qd8 30. Qg3 Qg5 31. Bxd5 Bxd5 (
31... Bxd5 32. Rc8 (32. Qxg5 {Chekhov} hxg5 33. Rc8 Rdd8 34. Rxd8 Rxd8 35. Rc7
f6 36. Bg3 Bb3 37. Rxa7 Rxd4 38. h3 $10) 32... Rxc8 33. Rxc8+ Kh7 34. Qxg5 hxg5
35. Rc7 $10) 1/2-1/2

[Event "Kurgan"]
[Site "Kurgan"]
[Date "1994.??.??"]
[Round "8"]
[White "Obukhov, Alexander"]
[Black "Mochalov, Evgeny Veniaminovic"]
[Result "1-0"]
[WhiteElo "2445"]
[BlackElo "2450"]
[Annotator "Dautov,R"]
[PlyCount "91"]
[EventDate "1994.??.??"]
[EventType "tourn"]
[EventRounds "11"]
[EventCountry "RUS"]
[EventCategory "8"]
[SourceTitle "CBM 043"]
[Source "ChessBase"]
[SourceDate "1994.12.01"]
[SourceVersion "1"]
[SourceVersionDate "1994.12.01"]
[SourceQuality "1"]

1. d4 Nf6 2. c4 e6 3. Nc3 Bb4 4. Qc2 O-O 5. a3 Bxc3+ 6. Qxc3 b6 7. Bg5 c5 8.
dxc5 bxc5 9. e3 d6 10. Rd1 $5 (10. Bd3) 10... Nbd7 11. Rxd6 $2 $146 (11. Bd3
Rb8 12. Nf3 Qb6 13. Rd2 Bb7 14. O-O Be4 15. Rc1 {Remis/Salov-Sax/Wijk/1992})
11... Qc7 12. Rd1 (12. Bf4 $2 Ne4 13. Qd3 (13. Rd3 e5 14. Rxd7 Qxd7 $19) 13...
Qb7 $17) 12... Ne4 13. Qc2 Nxg5 $2 (13... Qa5+ $1 14. Ke2 (14. b4 cxb4 15. Qxe4
bxa3+ 16. Ke2 Rb8 17. Bf4 Rb2+ 18. Kf3 Bb7 $19) 14... Nxg5 15. h4 Ne4 16. Qxe4
Rb8 17. Qc2 Ne5 $1 $40 {/\Nxc4}) 14. h4 Qa5+ 15. Rd2 Ne4 16. Qxe4 Rb8 17. Qc2
Nf6 $6 (17... Ne5 18. Nf3 Nxf3+ 19. gxf3 Bb7 20. Rh3 Rfd8 21. Bd3 h6 22. Ke2
Bc6 {>=}) 18. Bd3 Bb7 19. f3 Qc7 20. Ne2 Qe5 21. Qc3 $16 Nd7 22. b3 f5 23. Bc2
Qc7 24. Kf2 Rbe8 25. h5 Nf6 26. Nf4 e5 27. Nd5 Nxd5 (27... Bxd5 28. cxd5 e4 29.
d6 Qc6 30. h6 $16) 28. cxd5 Qd6 29. e4 f4 30. Bd3 Rc8 31. Qa5 Rf7 32. Rc2 Rfc7
33. Rhc1 $18 Qf6 $2 (33... Qb6 34. Qxb6 axb6 35. b4 $18) 34. Rxc5 Qh4+ 35. Ke2
Qh2 36. Rxc7 Qxg2+ 37. Kd1 Qxf3+ 38. Kc2 Qf2+ 39. Kb1 Rb8 40. Rxg7+ Kxg7 41.
Qc7+ Kh6 42. Qd6+ Kg5 43. Qxe5+ Kg4 44. Qxb8 Qd4 45. Qg8+ Kf3 46. Rf1+ 1-0